[Event "Floripa Chess Open 2024"]
[Site "Florianopolis"]
[Date "2024.01.21"]
[Round "2.64"]
[White "Nakata, Thifanni Harumi"]
[Black "De Carvalho, Jose Jorge"]
[Result "0-1"]
[WhiteElo "1785"]
[BlackElo "2119"]
[PlyCount "142"]
[EventDate "2024.01.20"]
[EventRounds "10"]
[EventCountry "BRA"]

1. d4 Nf6 2. c4 e6 3. Nf3 d5 4. Nc3 c6 5. e3 Nbd7 6. Bd3 Bd6 7. O-O O-O 8. e4
dxe4 9. Nxe4 Nxe4 10. Bxe4 Nf6 11. Bc2 c5 12. dxc5 ({RR} 12. Qd3 h6 13. Rd1 Qc7
14. dxc5 Bxc5 15. b4 Be7 16. Bb2 Rd8 17. Qe2 Bd7 18. Be5 Qc8 19. Bc3 Be8 20.
Ne5 Qc7 21. a4 Rac8 22. Rxd8 Rxd8 23. Qe3 b6 24. h3 Rc8 25. Rc1 Kf8 26. Bb3 Kg8
{Krasenkow,M (2605)-Krzyzanowski,M (2518) Warsaw POL 2020 1-0 (52)}) 12... Bxc5
13. Qxd8 Rxd8 14. Bg5 h6 $146 ({RR} 14... Be7 15. Rad1 h6 {1/2-1/2 (15) Do Thi
Diem,T-Huynh Mai Phuong,D (2128) Dalat City 2005}) ({RR} 14... b6 15. Rfd1 Bb7
16. Bxf6 gxf6 17. Rxd8+ Rxd8 18. Rd1 Rxd1+ 19. Bxd1 Be4 20. Be2 Kf8 21. Kf1 Ke7
22. Nd2 Bc2 23. Nb3 Bxb3 24. axb3 Bd4 25. Bd3 Bxb2 26. Ke2 h6 27. g4 a5 28. Be4
Kd6 29. Bh7 {Repiso Alvarez,J (1775)-Prada Villagrasa,P (1954) Barcelona ESP
2023 1/2-1/2 (75)}) ({RR} 14... Bd7 15. Ne5 Bd4 16. Nxd7 Rxd7 17. Rad1 Rad8 18.
b3 h6 19. Bxf6 {1/2-1/2 (19) Platonova,L (1930)-Korobitsyn,D Kostroma 2008})
15. Bxf6 gxf6 16. Rfd1 Bd7 17. Rd2 Bc6 18. Rad1 Rxd2 19. Rxd2 Kf8 20. Nd4 Be8
21. g3 f5 22. Bd1 Ke7 23. Bf3 Rb8 24. Kf1 Kf6 25. Nb5 Bxb5 26. cxb5 Ke7 27. Ke2
e5 28. g4 fxg4 29. Bxg4 Bd4 30. b3 Kf6 31. f4 Rd8 32. fxe5+ Kxe5 33. Bf3 Rd7
34. Rc2 f5 35. Rc8 Kf4 36. Bh5 Rg7 37. Rc4 Ke5 38. Bf3 Re7 39. Kf1 Bb6 40. Rh4
Be3 41. Rc4 Rd7 42. Ke2 Bf4 43. Rc2 Bxh2 44. Kf2 Bf4 45. Rc5+ Ke6 46. Rc2 Be5
47. Rc8 Rd2+ 48. Ke3 Rxa2 49. Bxb7 Ra3 50. Re8+ Kf6 51. Bd5 Bc7 52. Rh8 Kg7 53.
Rg8+ Kf6 54. Rh8 Ke5 55. Bc4 Bb6+ 56. Kf3 Ra2 57. Rxh6 Rf2+ 58. Kg3 f4+ 59. Kg4
Rg2+ 60. Kh3 Rg1 61. Kh2 Rg5 62. Rh3 Bf2 63. Be2 Bg3+ 64. Kg2 Kd4 65. Rh7 Ke3
66. Re7+ Kd2 67. Kf3 Bh2 68. Rd7+ Kc3 69. Rc7+ Kxb3 70. Rc1 Rg7 71. Rb1+ Kc2
0-1

[Event "Floripa Chess Open 2024"]
[Site "Florianopolis"]
[Date "2024.01.21"]
[Round "2.65"]
[White "Calcado, Acyr Rogerio"]
[Black "Pavao, Fabio Biasi"]
[Result "1-0"]
[WhiteElo "2118"]
[BlackElo "1783"]
[PlyCount "73"]
[EventDate "2024.01.20"]
[EventRounds "10"]
[EventCountry "BRA"]

1. d4 Nf6 2. Bf4 g6 3. Nc3 Bg7 4. e4 d6 5. Qd2 Nbd7 6. Bh6 O-O 7. O-O-O c5 8.
Bxg7 ({RR} 8. Nf3 a6 9. Bxg7 Kxg7 10. e5 Ne8 11. dxc5 Nxc5 12. Qe3 Qc7 13. Nd5
Qa5 14. b4 Qxa2 15. bxc5 Bf5 16. Qb3 Qa5 17. Qc3 Qxc3 18. Nxc3 dxc5 19. Bd3 Bg4
20. Be4 Rb8 21. h3 Be6 22. Nd5 Bxd5 {Magana,B (2020)-Lorenz,V (1668)
Dusseldorf GER 2023 1-0 (40)}) 8... Kxg7 9. e5 Ng4 $146 ({RR} 9... Ne8 10. exd6
cxd4 11. Qxd4+ Nef6 12. dxe7 Qxe7 13. Nf3 Nb6 14. Bb5 Be6 15. Rhe1 Rfd8 16. Qh4
Qc5 17. Qxf6+ {1-0 (17) Sariego,W (2318)-Thomas,A (2167) chess.com INT 2022})
10. h3 Nh6 11. exd6 exd6 12. dxc5 Nxc5 13. Qxd6 Qxd6 14. Rxd6 Nf5 15. Rd1 b6
16. Bc4 Bb7 17. Bd5 Bxd5 18. Rxd5 Rad8 19. Rxd8 Rxd8 20. Nf3 Kf6 21. Rd1 Rxd1+
22. Kxd1 h6 23. b4 Nd7 24. Kd2 Ke6 25. Kd3 Nd6 26. Nd4+ Kf6 27. Nd5+ Kg7 28.
Nc6 Nc8 29. Kd4 f5 30. Nde7 Nxe7 31. Nxe7 Kf6 32. Nc6 a6 33. Kd5 Nf8 34. Nb8 a5
35. bxa5 bxa5 36. Kd6 g5 37. c4 1-0

[Event "Floripa Chess Open 2024"]
[Site "Florianopolis"]
[Date "2024.01.21"]
[Round "2.67"]
[White "Delgado, Lidio Dias"]
[Black "Branco, Joao Pedro Belaglov"]
[Result "1-0"]
[WhiteElo "2110"]
[BlackElo "1778"]
[PlyCount "63"]
[EventDate "2024.01.20"]
[EventRounds "10"]
[EventCountry "BRA"]

1. d4 Nf6 2. Nf3 e6 3. c4 Bb4+ 4. Bd2 Be7 5. Nc3 d5 6. Bg5 h6 7. Bh4 a6 8. e3
O-O 9. c5 ({RR} 9. a3 dxc4 10. Bxc4 b5 11. Be2 Bb7 12. O-O Nbd7 13. b4 Nd5 14.
Bxe7 Qxe7 15. Qc2 Rfc8 16. Ne4 a5 17. Nc5 Nxc5 18. bxc5 b4 19. axb4 Nxb4 20.
Qc3 Bxf3 21. Bxf3 c6 22. Ra4 Qc7 23. Be2 Rcb8 {Gajewski,G (2556)-Mamedjarova,Z
(2384) Pardubice 2007 1-0 (34)}) 9... b6 10. b4 a5 11. a3 Bd7 $146 ({RR} 11...
axb4 12. axb4 Rxa1 13. Qxa1 bxc5 14. bxc5 Nc6 15. Qa4 Bd7 16. Bb5 Qa8 17. Bxc6
Bxc6 18. Qxa8 Rxa8 19. O-O g5 20. Bg3 Ne8 21. Ne5 Bb7 22. Rb1 Bc8 23. h3 f6 24.
Nc6 Bf8 25. Rb8 Ra1+ 26. Kh2 {Zhukov,M-Gortinsky,V (1613) Cheliabinsk 2010 1/
2-1/2 (61)}) ({RR} 11... bxc5 12. dxc5 axb4 13. axb4 Rxa1 14. Qxa1 Nc6 15. Qa4
Bd7 16. Bb5 Qa8 17. O-O Qxa4 18. Bxa4 Rb8 19. b5 Na5 20. c6 Be8 21. Bg3 Rc8 22.
Ra1 Nh5 23. Be5 Nc4 24. Bd4 Nf6 25. Bb3 Bd6 26. Bxc4 {Cruz,J (2323)
-Pourkashiyan,A (2270) chess.com INT 2024 1-0 (61)}) ({RR} 11... Ne4 12. Bxe7
Qxe7 13. Nxe4 dxe4 14. Ne5 Bb7 15. Be2 Nc6 16. Nxc6 Bxc6 17. O-O Bd5 18. f4
axb4 19. axb4 Rxa1 20. Qxa1 Ra8 {1/2-1/2 (19) Essing,A (2279)-Lutterbey,R  
(1911) Germany 2007}) 12. Bd3 axb4 13. axb4 Rxa1 14. Qxa1 bxc5 15. bxc5 Nc6 16.
O-O Nh7 17. Bg3 Ng5 18. Nxg5 hxg5 19. Bb5 f5 20. Qa4 Nb8 21. Bxd7 Nxd7 22. Qc6
f4 23. Qxe6+ Kh8 24. Nxd5 Bxc5 25. exf4 Bxd4 26. fxg5 Qe8 27. Qh3+ Kg8 28. g6
Nf6 29. Nxf6+ Rxf6 30. Qh7+ Kf8 31. Qh8+ Ke7 32. Re1+ 1-0

[Event "Floripa Chess Open 2024"]
[Site "Florianopolis"]
[Date "2024.01.21"]
[Round "2.68"]
[White "Mariot Vaz, Joao Antonio Bertol"]
[Black "Cueto, Jonny"]
[Result "0-1"]
[WhiteElo "1772"]
[BlackElo "2108"]
[PlyCount "56"]
[EventDate "2024.01.20"]
[EventRounds "10"]
[EventCountry "BRA"]

1. e4 g6 2. d4 Bg7 3. Nc3 c5 4. d5 d6 5. Bc4 ({RR} 5. Bd3 a6 6. a4 e5 7. h4 h5
8. Nge2 Ne7 9. Bg5 Nd7 10. Qd2 b6 11. Nb1 Nf6 12. Na3 Bd7 13. Nc3 Nh7 14. Bh6
Bf6 15. Nc4 Nc8 16. g3 g5 17. hxg5 Nxg5 18. Bxg5 Bxg5 19. Ne3 h4 {Brunello,S  
(2544)-Bromann,T (2433) Denmark 2010 1-0 (35)}) 5... Na6 $146 ({RR} 5... Nf6 6.
h3 Nbd7 7. Nf3 O-O 8. O-O a6 9. a4 Rb8 10. Re1 Ne8 11. Bf4 Nc7 12. Qd3 b5 13.
axb5 axb5 14. Nxb5 Nxb5 15. Bxb5 Bxb2 16. Ra2 Bg7 17. c4 Bb7 {1/2-1/2 (17)
Samorukova,J (1830)-Engels,N (2191) Germany 2011}) ({RR} 5... Nf6 6. a4 O-O 7.
Nf3 Bg4 8. O-O Nbd7 9. Bf4 a6 10. h3 Bxf3 11. Qxf3 Nh5 12. Bh2 Ne5 13. Qe2 Nxc4
14. Qxc4 Rb8 15. a5 b5 16. axb6 Qxb6 17. Na4 Qb5 18. Qxb5 axb5 19. Nc3 b4 20.
Na4 {Senthil,M (2208)-Jarocka,L (2006) chess.com INT 2022 0-1 (69)}) ({RR} 5...
Nf6 6. Nge2 O-O 7. O-O Nbd7 8. Ng3 Nb6 9. Qe2 Ng4 10. a4 Nxc4 11. Qxc4 e6 12.
Qe2 Qh4 13. h3 Nf6 14. Qe3 exd5 15. exd5 Qb4 16. Qf4 Rd8 17. a5 Bd7 18. Nge4
Nxe4 19. Nxe4 Qd4 20. Nxd6 {Albertini,L (2159)-Calavalle,G (2209) Porto San
Giorgio 2014 1-0 (35)}) 6. f4 Nc7 7. Nf3 Rb8 8. a4 b6 9. O-O a6 10. Re1 b5 11.
axb5 axb5 12. Bf1 b4 13. Nb1 Nf6 14. Nbd2 O-O 15. Nc4 Bb7 16. Ra4 Ra8 17. Na5
Qd7 18. b3 Nb5 19. Bd2 Nh5 20. g3 Nc3 21. Bxc3 Bxc3 22. Re3 Ra7 23. Bc4 Rfa8
24. Nxb7 Rxa4 25. bxa4 Rxa4 26. Nxc5 dxc5 27. Qe2 Ra1+ 28. Kf2 Qh3 0-1

[Event "Floripa Chess Open 2024"]
[Site "Florianopolis"]
[Date "2024.01.21"]
[Round "2.69"]
[White "Serpa, Rafael Araujo"]
[Black "Silverio, Vitor Luis De Jesus"]
[Result "1-0"]
[WhiteElo "2101"]
[BlackElo "1773"]
[PlyCount "72"]
[EventDate "2024.01.20"]
[EventRounds "10"]
[EventCountry "BRA"]

1. e4 c5 2. Nf3 d6 3. Bb5+ Nd7 4. c3 Ngf6 5. Qe2 a6 6. Ba4 e6 7. d4 b5 8. Bc2
Be7 9. O-O O-O 10. Re1 Bb7 11. Nbd2 cxd4 12. cxd4 Rc8 13. Bd3 Re8 $146 ({RR} 
13... e5 14. d5 Nc5 15. Bc2 Nfd7 16. Nf1 a5 17. Ng3 g6 18. Bh6 Re8 19. Rac1 b4
20. b3 Bf8 21. Be3 Ba6 22. Qd2 Nf6 23. h3 Re7 24. Ra1 Rb7 25. Rec1 Be7 26. a3
Nfd7 27. axb4 axb4 28. Ra2 {Lorenzini,M (2466)-Mareco,S (2586) La Plata 2012
1-0 (103)}) 14. a4 bxa4 15. Rxa4 Nb8 16. Nb3 Bc6 17. Ra1 Qb6 18. Nfd2 Bb5 19.
Bxb5 Qxb5 20. Qxb5 axb5 21. Ra5 b4 22. d5 Bd8 23. Ra4 exd5 24. Rxb4 dxe4 25.
Nxe4 Nxe4 26. Rbxe4 Rxe4 27. Rxe4 Bf6 28. Re2 Nd7 29. Bf4 Nc5 30. Nxc5 dxc5 31.
Rc2 g6 32. Kf1 Rd8 33. Ke2 h5 34. h3 Rd5 35. Be3 Be7 36. Rd2 Re5 1-0

[Event "Floripa Chess Open 2024"]
[Site "Florianopolis"]
[Date "2024.01.21"]
[Round "2.71"]
[White "Ferreira, Thales Bond Dias"]
[Black "Pereira, Thiago Henrique"]
[Result "1-0"]
[WhiteElo "2086"]
[BlackElo "1772"]
[PlyCount "57"]
[EventDate "2024.01.20"]
[EventRounds "10"]
[EventCountry "BRA"]

1. Nf3 d5 2. c4 e6 3. g3 c6 4. b3 Nf6 5. Bg2 Be7 6. O-O O-O 7. Bb2 b6 8. e3 Bb7
9. Qe2 Nbd7 10. d3 ({RR} 10. Nc3 Rc8 11. Rac1 Bd6 12. d4 Qe7 13. Rfd1 a6 14. e4
Ba3 15. e5 Ne8 16. h4 Bxb2 17. Qxb2 dxc4 18. bxc4 c5 19. d5 exd5 20. Nxd5 Qe6
21. Ng5 Qxe5 22. Qxe5 Nxe5 23. Ne7+ Kh8 24. Nxc8 Bxc8 {Demidov,M (2568)-Kuzmin,
R (2249) chess.com INT 2023 1-0}) 10... a5 11. Nc3 h6 $146 ({RR} 11... Rc8 12.
Rfd1 Re8 13. Rac1 Nc5 14. e4 Bf8 15. e5 Nfd7 16. d4 Na6 17. cxd5 cxd5 18. h4
Nc7 19. Qe3 Ba6 20. Ne2 Qe7 21. Nf4 Bb5 22. Rc3 Na6 23. Rdc1 Rxc3 24. Rxc3 Ndb8
25. Qc1 Rd8 26. Qb1 {Damljanovic,B (2540)-Piskov,Y (2455) Belgrade 1998 1/2-1/
2 (51)}) 12. Rac1 Rc8 13. e4 dxe4 14. dxe4 Bb4 15. e5 Nh7 16. Rfd1 Qe7 17. Ne4
Rcd8 18. Nd6 Bxd6 19. exd6 Qe8 20. Ne5 Nxe5 21. Qxe5 f6 22. Qe3 Qd7 23. Qxb6
Ra8 24. h4 Ra6 25. Qc7 Rd8 26. Bc3 a4 27. Ba5 Rxa5 28. Qxa5 axb3 29. axb3 1-0

[Event "Floripa Chess Open 2024"]
[Site "Florianopolis"]
[Date "2024.01.21"]
[Round "2.72"]
[White "Machado, Gilmar Dias"]
[Black "Volkmann, Andre Jordi"]
[Result "0-1"]
[WhiteElo "1764"]
[BlackElo "2083"]
[PlyCount "62"]
[EventDate "2024.01.20"]
[EventRounds "10"]
[EventCountry "BRA"]

1. e4 d5 2. exd5 Qxd5 3. Nf3 Bg4 4. Be2 Nc6 5. c4 Qe6 ({RR} 5... Qf5 6. d4
O-O-O 7. Be3 Nf6 8. Nbd2 e6 9. h3 Bxf3 10. Nxf3 Bb4+ 11. Kf1 e5 12. g4 Qd7 13.
dxe5 Qe6 14. Qb3 Nd7 15. c5 Qxb3 16. axb3 Bxc5 17. Bf4 h6 18. Bb5 Nd4 19. Nxd4
Bxd4 20. Kg2 {Tomashevsky,E (2705)-Kovalenko,I (2657) St Petersburg RUS 2018
0-1 (36)}) ({RR} 5... Qd7 6. h3 Bh5 7. g4 Bg6 8. d4 e6 9. Nc3 O-O-O 10. Be3 Nf6
11. a3 Ne4 12. Nh4 Nxc3 13. bxc3 Be7 14. Nxg6 hxg6 15. Rb1 Na5 16. Bf3 g5 17.
Bg2 f5 18. f4 gxf4 19. Bxf4 Bd6 20. Bxd6 {Cichon,M (1173)-Nosal,T (1511)
Bratislava SVK 2023 0-1 (55)}) 6. O-O Bxf3 7. Bxf3 Qxc4 8. d3 $146 ({RR} 8. Na3
Qa6 9. d4 e6 10. d5 O-O-O 11. Be3 exd5 12. Rc1 Nf6 13. Be2 Qa5 14. Nb5 d4 15.
Nxd4 Nxd4 16. Bxd4 Bd6 17. Bf3 Qb4 18. g3 Be5 19. Bxe5 Qa5 20. Bxc7 {1-0 (20)
Zelcic,R (2512)-Besner,B (2163) Schwarzach 2016}) ({RR} 8. b3 Qa6 9. d4 O-O-O
10. Be3 Nf6 11. Nc3 e6 12. a3 Nd5 13. Nxd5 exd5 14. b4 Bd6 15. Qb1 Ne7 16. a4
Qc4 17. b5 Qb4 18. Qc2 Qc4 19. Qb1 Qb4 20. Qc2 Qc4 21. Qb1 {1/2-1/2 (21)
Sikivou,T (1834)-Subramaniam,S (2155) chess.com INT 2021}) 8... Qa6 9. Qb3 e6
10. Nc3 O-O-O 11. Be3 Nd4 12. Bxd4 Rxd4 13. a3 Rxd3 14. Rac1 c6 15. Rfe1 Qb6
16. Qc2 Rd7 17. b4 a6 18. Qa4 Kb8 19. Ne4 Nf6 20. Nc5 Bxc5 21. bxc5 Qb5 22. Qc2
Qa5 23. Qb3 Ka8 24. Re2 Rhd8 25. Rb2 e5 26. h3 e4 27. Be2 Nd5 28. Rc4 Nf4 29.
Bg4 Qe1+ 30. Kh2 Re7 31. Qb6 Rd2 0-1

[Event "Floripa Chess Open 2024"]
[Site "Florianopolis"]
[Date "2024.01.21"]
[Round "2.73"]
[White "Silva, Caio Henrique Angel"]
[Black "Calcada, Lucas Galvan"]
[Result "1-0"]
[WhiteElo "2074"]
[BlackElo "1770"]
[PlyCount "87"]
[EventDate "2024.01.20"]
[EventRounds "10"]
[EventCountry "BRA"]

1. d4 d5 2. c4 e6 3. Nf3 c5 4. cxd5 exd5 5. g3 Nc6 6. Bg2 Nf6 7. O-O Be7 8. Nc3
O-O 9. dxc5 Bxc5 10. b3 Be6 ({RR} 10... Ne4 11. Qxd5 Nxc3 12. Qxc5 Nxe2+ 13.
Kh1 Nxc1 14. Raxc1 Qb6 15. Ne5 Nxe5 16. Qxe5 Qa6 17. Rc2 Be6 18. Rfc1 {1/2-1/2
(18) Makarov,M (2512)-Lastin,A (2625) Krasnodar 2002}) ({RR} 10... Ne4 11. Qxd5
Nxc3 12. Qxc5 Nxe2+ 13. Kh1 Nxc1 14. Raxc1 Qb6 15. Ne5 Nxe5 16. Qxe5 Qa6 17.
Rc2 Be6 18. Rfc1) 11. Bb2 Qe7 ({RR} 11... a6 12. Rc1 Ba7 13. e3 Ne4 14. Ne2 Bg4
15. Nf4 Qd7 16. h3 Bxf3 17. Bxf3 Rad8 18. Nxd5 Nxg3 19. fxg3 Qxh3 20. Qe1 Bb8
21. Bg2 Qg4 22. Qf2 Bxg3 23. Nf6+ gxf6 24. Qxf6 Ne5 25. Bxe5 Bxe5 26. Qxe5) 12.
Rc1 ({RR} 12. Nb5 Rfd8 ({RR} 12... Rac8 13. Rc1 Ne4 14. Nfd4 Bd7 15. e3 a6 16.
Nxc6 bxc6 17. Nd4 a5 18. Rc2 Bb6 19. Qh5 f5 20. Rfc1 Bxd4 21. Bxd4 Rfe8 22. Qd1
Ra8 23. Bc5 Qf7 24. Qd4 h6 25. Qd1 Re6 26. Bb6 Qf8 27. Qd4) ({RR} 12... a6 13.
Nbd4 Ba3 14. Qc1 Bxb2 15. Qxb2 Rac8 16. Rac1 Rc7 17. a3 Rfc8 18. Nxc6 bxc6 19.
b4 a5) 13. Nbd4 Nxd4 14. Nxd4 Rac8 15. Qd3 a6 16. Rac1 Bb6 17. h3 h6 18. Kh2
Bc5 19. Rc2 Ba3 20. Bxa3 Qxa3 {1/2-1/2 (20) Rojas Salas,S (2172)-Sklokin,S  
(1780) Samarkand UZB 2023}) 12... Rfd8 $146 13. Na4 Bd6 14. Nd4 Rac8 15. Nb5
Ne4 16. Nxd6 Qxd6 17. e3 Qe7 18. a3 h6 19. b4 b6 20. Nc3 Nxc3 21. Bxc3 Qg5 22.
Qa4 Qe7 23. b5 Nb8 24. Qd4 f6 25. Bb4 Qd7 26. a4 Rc4 27. Qd2 Rdc8 28. Rfd1 a5
29. bxa6 Nxa6 30. Rb1 Nc7 31. e4 Rd8 32. Qe2 d4 33. a5 Na6 34. Be1 b5 35. Qb2
d3 36. Bd2 b4 37. Rbc1 Rdc8 38. Rxc4 Rxc4 39. Be3 b3 40. Bf1 Rc2 41. Qb1 Bc4
42. Bxd3 Bxd3 43. Qxb3+ Kh7 44. Qxc2 1-0

[Event "Floripa Chess Open 2024"]
[Site "Florianopolis"]
[Date "2024.01.21"]
[Round "2.74"]
[White "Ferreira, Rodrigo Maycon Mira"]
[Black "Gruettner, Ralf"]
[Result "1-0"]
[WhiteElo "1754"]
[BlackElo "2071"]
[PlyCount "137"]
[EventDate "2024.01.20"]
[EventRounds "10"]
[EventCountry "BRA"]

1. g4 d5 2. Bg2 c6 3. h3 e5 4. d4 e4 5. c4 Bd6 6. Nc3 Ne7 7. cxd5 ({RR} 7. g5
Be6 8. h4 Nf5 9. Bh3 O-O 10. cxd5 cxd5 11. Nxd5 Ng3 12. Nf6+ gxf6 13. fxg3
Bxg3+ 14. Kf1 Nc6 15. Be3 Nb4 16. Kg2 Nd5 17. Kxg3 Nxe3 18. Qd2 Qd6+ 19. Kf2
Qf4+ 20. Nf3 exf3 {0-1 (20) Basman,M (2400)-Keene,R (2490) Manchester 1981}) ({
RR} 7. Bg5 f6 8. Be3 Na6 9. c5 Bb8 10. a3 Nc7 11. b4 a6 12. Na4 Ba7 13. Qd2 Ne6
14. Bf4 O-O 15. e3 Bb8 16. Nb6 Bxf4 17. exf4 Rb8 18. Ne2 Qc7 19. f5 Ng5 20. Nf4
g6 21. fxg6 Nxg6 {Omariev,M (2304)-Loebler,H (2086) chess.com INT 2023 1-0 (39)
}) 7... cxd5 8. Qb3 Nbc6 9. e3 O-O $146 ({RR} 9... Be6 10. Bd2 Nb4 11. Bf1 a6
12. a3 Nbc6 13. Rc1 b5 14. Nge2 b4 15. Na4 bxa3 16. bxa3 Rb8 17. Qa2 O-O 18.
Nc5 Bxc5 19. Rxc5 Qb6 20. Nc3 f5 21. gxf5 Rxf5 22. Be2 Rbf8 23. Nxe4 Kh8 24. f4
{Ferreira,R (1763)-Lira,S Lira Tênis Clube - Florianó 2022 1-0 (37)}) ({RR} 
9... Be6 10. Bd2 Nb4 11. Bf1 a6 12. a3 Nbc6 13. Rc1 b5 14. Nge2 b4 15. Na4 bxa3
16. bxa3 Rb8 17. Qa2 O-O 18. Nc5 Bxc5 19. Rxc5 Qb6 20. Nc3 f5 21. gxf5 Rxf5 22.
Be2 Rbf8 23. Nxe4 Kh8 24. f4 {Ferreira,R (1763)-Lira,S Florianopolis SC 2022
1-0 (37)}) 10. Bd2 Be6 11. Nge2 a6 12. f3 exf3 13. Bxf3 Na5 14. Qd1 b5 15. Nf4
Rc8 16. O-O Nc4 17. Bc1 Bb8 18. Qe2 Qd7 19. Qg2 Rfd8 20. Nce2 Ng6 21. Nxg6 hxg6
22. Nf4 a5 23. b3 Nb6 24. Bd2 Rc2 25. Bd1 Rc6 26. Bxa5 Qa7 27. Bb4 Qc7 28. Nd3
Nd7 29. Bd2 Nf6 30. Nb4 Rcd6 31. Rc1 Qb7 32. Nd3 Ne4 33. Bb4 Ra6 34. Bf3 Qa8
35. Rc2 Ra7 36. Rfc1 Kh7 37. Nc5 Nxc5 38. Bxc5 Ra6 39. Re1 Qb7 40. e4 Bf4 41.
exd5 Bxd5 42. Re7 Bxf3 43. Rxb7 Be3+ 44. Kh1 Bxg2+ 45. Kxg2 Bxd4 46. Rxb5 Bxc5
47. Rbxc5 Rda8 48. a4 Rb8 49. R5c3 Rab6 50. Rb2 Rb4 51. a5 R4b5 52. a6 Ra5 53.
Rc6 Ra8 54. Rc7 Kg8 55. Rf2 f5 56. gxf5 gxf5 57. b4 R5xa6 58. Rxf5 Rb8 59. b5
Rab6 60. Rcc5 Ra8 61. Rg5 Ra7 62. Kf3 Ra4 63. Rc8+ Kh7 64. Rc7 Rf6+ 65. Ke3
Ra3+ 66. Kd4 Rxh3 67. Rgxg7+ Kh8 68. Rge7 Kg8 69. Re5 1-0

[Event "Floripa Chess Open 2024"]
[Site "Florianopolis"]
[Date "2024.01.21"]
[Round "2.75"]
[White "Curi, Gabriel"]
[Black "Pereira, Arthur Macedo"]
[Result "1/2-1/2"]
[WhiteElo "2069"]
[BlackElo "1764"]
[PlyCount "61"]
[EventDate "2024.01.20"]
[EventRounds "10"]
[EventCountry "BRA"]

1. e4 c5 2. Nf3 d6 3. d4 cxd4 4. Nxd4 Nf6 5. Nc3 a6 6. Be2 e5 7. Nb3 Be7 8. Be3
Be6 9. O-O O-O 10. a4 Nbd7 11. f4 Qc7 12. Kh1 Rac8 13. a5 Rfd8 14. Ra4 ({RR} 
14. f5 Bc4 15. Bxc4 Qxc4 16. Ra4 Qc7 17. Qe2 h6 18. Nd2 Nc5 19. Bxc5 dxc5 20.
Nc4 Rd4 21. Raa1 Re8 22. b3 Bd8 23. Rf3 Qc6 24. Re3 Bc7 25. g4 Kf8 26. Rg1 Ke7
27. g5 hxg5 28. Rxg5 Rh8 {Efimenko,Z (2537)-Sadvakasov,D (2611) Moscow 2004 1/
2-1/2 (39)}) ({RR} 14. f5 Bc4 15. Bxc4 Qxc4 16. Ra4 Qc7 17. g4 Nc5 18. Rc4 Qb8
19. g5 Nfxe4 20. Nxe4 d5 21. Rxc5 Bxc5 22. Nexc5 d4 23. Bf2 b6 24. axb6 Qxb6
25. Qd3 Qc6+ 26. Kg1 a5 27. Nxa5 Qa8 28. b4 Qd5 {Vedant Nitin vekhande (1620)
-Argote Heredia,V (2140) Barbera del Valles ESP 2019 1/2-1/2 (150)}) 14... Bxb3
$146 ({RR} 14... Nc5 15. Nxc5 dxc5 16. Qe1 exf4 17. Bxf4 Bd6 18. Bxd6 Qxd6 19.
Bf3 Qe5 20. Ra1 Rd4 21. b3 Re8 22. h3 Bd7 23. Qe3 Bc6 24. Rfe1 Rd7 25. Na4 Bxa4
26. Rxa4 Rde7 27. Rc4 Nd7 28. Rd1 h6 29. Qg1 {Sanchez,V (2255)-Tologontegin,S 
(2215) Mallorca 2004 1/2-1/2 (39)}) 15. cxb3 Nc5 16. Rc4 Qb8 17. Nd5 Nxd5 18.
Qxd5 Ne6 19. Bh5 Rxc4 20. bxc4 g6 21. Bg4 Nxf4 22. Bxf4 exf4 23. Rxf4 Rf8 24.
Rf3 Qc7 25. b4 Bd8 26. Rf1 Re8 27. g3 Re5 28. Qd3 Qc6 29. Bf3 Bc7 (29... Be7
30. Rb1 Qc7 31. Kg2 Bf6 32. Rd1 Be7 33. Qd4 Kg7 34. h4 h5) 30. Rb1 Qd7 31. Bg2
1/2-1/2

[Event "Floripa Chess Open 2024"]
[Site "Florianopolis"]
[Date "2024.01.21"]
[Round "2.76"]
[White "Araujo, Renan Aparecido"]
[Black "Silva Rosas, Natalia"]
[Result "1/2-1/2"]
[WhiteElo "2062"]
[BlackElo "1754"]
[PlyCount "52"]
[EventDate "2024.01.20"]
[EventRounds "10"]
[EventCountry "BRA"]

1. e4 Nf6 2. e5 Nd5 3. d4 b5 ({RR} 3... g6 4. c4 Nb6 5. c5 Nd5 6. Bc4 c6 7. Nf3
b6 8. Nc3 Nxc3 9. bxc3 Ba6 10. Bb3 bxc5 11. Ng5 c4 12. Qf3 f6 13. exf6 exf6 14.
O-O Be7 15. Bc2 f5 16. Re1 O-O 17. Qe3 Bf6 18. Nxh7 {Sutovsky,E (2587)-Varga,Z
(2541) Budapest 1999 1-0}) 4. Nf3 Bb7 5. Nc3 $146 ({RR} 5. Bxb5 c5 6. O-O e6 7.
Bg5 Be7 8. Bxe7 Qxe7 9. c3 cxd4 10. cxd4 Qb4 11. Qb3 Nc6 12. Qxb4 Ndxb4 13. Nc3
a6 14. Ba4 Nd3 15. Rab1 Nf4 16. Ne4 O-O 17. Nc5 Rab8 18. Nxd7 Nxg2 19. Nxb8 Ne7
{Colivet Gamboa,J (1976)-Silva,N (1754) Florianopolis BRA 2024 1-0}) 5... a6 6.
Nxd5 Bxd5 7. Bd3 g6 8. c3 Bg7 9. a4 c5 10. axb5 c4 11. Be2 axb5 12. Rxa8 Bxa8
13. b3 Qa5 14. bxc4 bxc4 15. Bd2 Bd5 16. O-O O-O 17. Qa1 Nc6 18. Qxa5 Nxa5 19.
Bg5 f6 20. exf6 Bxf6 21. Bxf6 Rxf6 22. Ra1 Nb3 23. Ra4 Rb6 24. Bxc4 Bxc4 25.
Rxc4 Nxd4 26. Nd2 Nc6 1/2-1/2

[Event "Floripa Chess Open 2024"]
[Site "Florianopolis"]
[Date "2024.01.21"]
[Round "2.77"]
[White "Dias, Anderson Tatsch"]
[Black "Fuxz, Diego"]
[Result "1/2-1/2"]
[WhiteElo "2058"]
[BlackElo "1749"]
[PlyCount "48"]
[EventDate "2024.01.20"]
[EventRounds "10"]
[EventCountry "BRA"]

1. d4 d5 2. c4 dxc4 3. e3 Nc6 4. Bxc4 e5 5. d5 Na5 6. Qa4+ ({RR} 6. Bf1 c6 7.
e4 Nf6 8. Nc3 Bb4 9. Bd2 O-O 10. dxc6 Nxc6 11. Nf3 Bg4 12. Be2 Bxf3 13. Bxf3
Nd4 14. Be3 Rc8 15. Rc1 Qa5 16. O-O Rfd8 17. Nd5 Nxd5 18. Rxc8 Rxc8 19. Bxd4
Nf4 20. Be3 Rd8 {Wanyama,H (2238)-Navarrete Mendez,G (2189) chess.com INT 2023
0-1 (40)}) 6... c6 7. dxc6 Nxc6 8. Nf3 Bb4+ $146 ({RR} 8... Bd7 9. Qb3 Nh6 10.
O-O Na5 11. Qd3 Nxc4 12. Qxc4 a6 13. Rd1 Rc8 14. Qb3 Qc7 15. Nc3 Be7 16. e4 Ng4
17. h3 Nf6 18. Be3 Be6 19. Qb6 Qxb6 20. Bxb6 O-O 21. Nxe5 Bb4 22. Nd5 Nxe4 23.
Nxb4 {Deng,H (1660)-Yi,S Changsha CHN 2019 1-0}) ({RR} 8... Bd7 9. Qc2 Bb4+ 10.
Nc3 Nf6 11. O-O O-O 12. a3 Bxc3 13. Qxc3 Re8 14. Ng5 Rf8 15. Nxf7 Rxf7 16.
Bxf7+ Kxf7 17. h3 Qc8 18. Kh2 Ng8 19. b4 {1-0 (19) Griksaite,L (1174)
-Saunorius,T Klaipeda 2017}) 9. Bd2 Bxd2+ 10. Nbxd2 Bd7 11. O-O Nf6 12. Ng5 O-O
13. Rad1 Qc7 14. Nde4 Nxe4 15. Nxe4 Rad8 16. Ng5 h6 17. Ne4 a6 18. Nc5 Bc8 19.
Bd5 Ne7 20. Rc1 Nxd5 21. Ne6 Qd7 22. Qxd7 Bxd7 23. Nxf8 Kxf8 24. Rfd1 Nf6
1/2-1/2

[Event "Floripa Chess Open 2024"]
[Site "Florianopolis"]
[Date "2024.01.21"]
[Round "2.78"]
[White "Martins, Anderson Donay"]
[Black "Ribeiro Carrico, Victor Hugo"]
[Result "1-0"]
[WhiteElo "2058"]
[BlackElo "1746"]
[PlyCount "33"]
[EventDate "2024.01.20"]
[EventRounds "10"]
[EventCountry "BRA"]

1. e4 e5 2. Nf3 Nc6 3. Bb5 Bc5 4. O-O Nf6 5. Nxe5 O-O 6. Bxc6 dxc6 7. d3 Re8 ({
RR} 7... Qe7 8. Nf3 Bg4 9. Be3 Bxe3 10. fxe3 Qb4 11. Qc1 Qc5 12. Nc3 Rad8 13.
h3 Bc8 14. Qe1 b5 15. a3 a5 16. Nd4 b4 17. axb4 axb4 18. Nce2 Ne8 19. c3 bxc3
20. Qxc3 Qg5 21. Rf3 Bd7 22. Rg3 {Nuber,K (2270)-Kostic,V (2436) Bayern 2013
1-0 (33)}) ({RR} 7... Qe7 8. Nc4 Ng4 9. h3 b5 10. Ncd2 Nxf2 11. Rxf2 Bxf2+ 12.
Kxf2 f5 13. e5 Qh4+ 14. Kf1 f4 15. Nf3 Qg3 16. Qe2 g5 17. Nc3 Bf5 18. Ne4 Bxe4
19. Qxe4 Rae8 20. Bd2 {1-0 (20) Ni,S (2371)-Shao,Q (1467) Fuling CHN 2022}) 8.
Nc4 Ng4 9. h3 Qh4 $146 ({RR} 9... Nxf2 10. Rxf2 Bxf2+ 11. Kxf2 Qh4+ 12. Kg1
Bxh3 13. gxh3 Qg3+ 14. Kf1 Re6 15. Ke2 Qg2+ 16. Ke3 f5 17. Kd4 fxe4 18. Qg4
Qf2+ 19. Be3 Qf6+ 20. Kc5 exd3 21. Bg5 Qf8+ 22. Kd4 Rg6 23. Kxd3 h6 24. Be7 {
Avgoustinatos,L (1610)-Vazelakis,D (2120) Heraklion 1998 0-1 (31)}) 10. hxg4
Bxg4 11. Qd2 b5 12. Ne3 Re5 13. f3 Bh3 14. d4 Rd8 15. Qf2 Qf4 16. dxc5 Rh5 17.
Ng4 1-0